00670nam a2200181 i 450000100060000000300090000600500170001500700030003200800410003510000480007624500850012426000370020930000220024650000620026885200210033099900170035195201200036856146ES-MaACL20230906163308.0t|031003s1936 sp ||||1| spa d1 aDíaz-Plaja, Guillermo,d1909-1984916242810aIntroducción al estudio del romanticismo español / cGuillermo Díaz-Plaja. aMadrid : bEspasa-Calpe, c1936. a311 p. ; c19 cm. aObra laureada con el Premio Nacional de Literatura, 1935. aES-MaACLjA-4511 c56146d56146 00104070aATENEOMbATENEOMcSPP1d2008-01-17eSCl0oA-4511p1058972r2023-02-23 00:00:00w2023-02-23yMONOGRAFIA